Statistics for Football - England One-Cap Wonders - #6 2011 to date

Click here to take the quiz!

General Stats

  • This quiz has been taken 83 times
    (16 since last reset)
  • The average score is 5 of 21

Answer Stats

YearOpponentClub TeamAnswer% Correct
2018United StatesBrighton & Hove AlbionLewis Dunk
60%
2015Lithuania (+57)LiverpoolDanny Ings
40%
2019Montenegro (+56)Leicester CityJames Maddison
40%
2014Ecuador (+63)LiverpoolJon Flanagan
33%
2012Sweden (+74)Stoke CityRyan Shawcross
33%
2018United States (+46)SouthamptonAlex McCarthy
27%
2017Brazil (+75)LiverpoolDominic Solanke
27%
2018Italy (+71)AFC BournemouthLewis Cook
27%
2011Ghana (+69)Wolverhampton WanderersMatt Jarvis
27%
2017Germany (+66)SouthamptonNathan Redmond
27%
2012Sweden (74>)Tottenham HotspurSteven Caulker
27%
2019Kosovo (+84)ChelseaFikayo Tomori
20%
2017Germany (+86)BurnleyJack Cork
20%
2012Norway (+88)LiverpoolMartin Kelly
20%
2012Sweden (+75)ArsenalCarl Jenkinson
13%
2012Italy (+69)Tottenham HotspurJake Livermore
13%
2013Chile (+57)SouthamptonJay Rodriguez
13%
2012Italy (+46)Norwich CityJohn Ruddy
13%
2018Spain (+91)WatfordNathaniel Chalobah
13%
2015Italy (+74)Tottenham HotspurRyan Mason
13%
2012Netherlands (+80)SunderlandFraizer Campbell
0%

Score Distribution

Percentile by Number Answered

Percent of People with Each Score

Your Score History

You have not taken this quiz since the last reset